000 00434nam a2200169Ia 4500
008 130318s9999 xx 000 0 und d
020 _a9780521693196
082 _a577.22 BON/E;3
100 _aBonan, Gordon
245 _aEcological climatology: Concepts and applications
250 _a2
260 _bCambridge University Press
_aUK
_c2008
300 _a550
650 _aCLIMATOLOGY
650 _aECOLOGY
650 _aMETEOROLOGY
999 _c2452
_d2452